POLITICKÝ A ÚSTAVNÝ VÝVIN ČÍNSKEJ ĽUDOVEJ REPUBLIKY DO PRIJATIA ÚSTAVY ČĽR Z ROKU 1954

Bibliographic Details
Main Author: Laco, Karol, 1921-2009 (Author)
Format: Article
Language:Slovak

MARC

LEADER 00000nab a2200000uu 4500
001 vtls010896468
003 SK-MaSNL
005 20260303141742.0
008 230222|1956 xo |||||||||||||||||slo|
015 |a SNBRB 
035 |a (urnnbn)urn:nbn:sk:snk:ar-006l21 
035 |a (uuid)137f3169-808a-4ba3-af15-39b28513f371 
035 |a urn:nbn:sk:snk-ab8p48 
040 |a SNKBUCL  |b slo  |c SNKBUCL  |e AACR2 
041 0 |a slo 
044 |a xo  |c SK 
100 1 |a Laco, Karol,  |d 1921-2009  |4 aut  |9 38415 
245 1 0 |a POLITICKÝ A ÚSTAVNÝ VÝVIN ČÍNSKEJ ĽUDOVEJ REPUBLIKY DO PRIJATIA ÚSTAVY ČĽR Z ROKU 1954  |c Karol Laco 
773 0 |t Právnické štúdie  |g Roč. 4, č. 2 (1956), s. 153-215 
954 |a odborná, vedecká literatúra pôvodná (slovenská)  |2 lita 
958 |a OND 
958 |a EUIPO 
958 |a article10 
999 |c 1978488  |d 1980418